Island Geography by Letter – I - Statistics

General Stats
  • This quiz has been taken 70 times
  • The average score is 9 of 14
Answer Stats
Hint Answer % Correct
'The Emerald Isle' Ireland
98%
Sardinia and Sicily are part of this country Italy
98%
Largest and most populous island nation Indonesia
95%
Spanish 'party island' Ibiza
94%
Deemed the capital of the Scottish highlands Inverness
84%
Island situated upon the Mid-Atlantic Ridge Iceland
77%
A small island Islet
68%
Animal species native to the Galápagos Marine {Iguana}
60%
Odysseus's home island Ithaca
52%
Greek island chain in which the above is located Ionian Islands
40%
More of these calve off Greenland than any other island Icebergs
35%
Capital of Nunavut and largest city on Baffin Island Iqaluit
34%
Greek island southwest of Samos Icaria
8%
Largest island in the Galápagos Isabela Island
8%
No matching quizzes found
Score Distribution
Percent of People with Each Score
Percentile by Number Answered
Your Score History
You have not taken this quiz